Já - Francois Villon

Bibliographic Details
Format: Book
Language:Undetermined
Published: Praha Československý spisovatel 1976

MARC

LEADER 00000nam a2200000 a 4500
001 vtls001280960
003 SK-MaSNL
005 20260223204925.0
008 210928s1976 xx 0 und
035 |a SNK000232358 
040 |a SNK  |b slo  |c SNK  |e AACR2 
245 1 |a Já - Francois Villon 
260 |a Praha  |b Československý spisovatel  |c 1976 
300 |a 121 s. 
958 |a OND 
999 |c 698613  |d 700543 
952 |a SNK  |b SNK  |y VYP  |7 0  |p 17A0057019  |o snkSC 38259 D1  |0 0  |1 0  |4 0  |d 1997-03-24  |l 0  |r 2005-01-02 00:00:00  |w 2026-02-23 
952 |a SNK  |b SNK  |y PREZ  |7 0  |p 17A0960829  |o snkSC 38259  |0 0  |1 0  |4 0  |d 2012-11-27  |l 0  |r 2025-10-10 00:00:00  |w 2026-02-23